| 000 | 00610nam a2200181Ia 4500 | ||
|---|---|---|---|
| 008 | 151202s9999||||xx |||||||||||||| ||und|| | ||
| 082 | _bPNVM-64663 | ||
| 100 | _aकामत विठ्ठल. | ||
| 245 | _aउद्योजक मी होणारच. | ||
| 260 | _b"अमेय प्रकाशन,पुणे." | ||
| 260 | _c2006 | ||
| 300 | _a228 | ||
| 600 | _aकामत विठ्ठल. | ||
| 630 | _aउद्योजक मी होणारच. | ||
| 700 | _aकामत विठ्ठल. | ||
| 730 | _aउद्योजक मी होणारच. | ||
| 942 | _cBOOK | ||
| 999 |
_c1331196 _d1331193 |
||